Представление документа в формате RUSMARC

ПолеНазваниеЗначение
  Тип записи a
  Библиографический уровень m
001 Контрольный номер b121591553034309b9a23bddf3c0a95b
005 Дата корректировки 20211222111312.3
010 Индекс ISBN __
a ISBN 978-5-392-33906-8
9 Тираж 1000 экз.
d Цена 151-94
035 Другие системные номера 0
8
100 Данные общей обработки __
a Данные общей обработки 20210804d2021####k y0rusy028902 ca
101 Язык документа 0_
a Язык текста rus
102 Страна публикации __
a Страна публикации RU
105 Кодированные данные (монография) __
a Кодированные данные (монография) a z 001yy
181 Поле кодированных данных: вид содержания _0
a Код вида содержания (ISBD) i
182 Поле кодированных данных: тип средства _0
a Код типа средства (ISBD) n
200 Заглавие и сведения об ответственности 1_
a Заглавие Искусственный интеллект и робототехника: глоссарий понятий
f Первые сведения об ответственности И. Р. Бегишев, З. И. Хисамова
203 Вид содержания и тип средства __
a Вид содержания Текст
c Тип средства непосредственный
210 Выходные данные 1_
a Место издания Москва
c Издательство Проспект
d Дата издания 2021
215 Физическое описание __
a Объем 63 с.
d Формат 21 см
320 Библиография __
a Библиография Библиография: с. 49-56
320 Библиография __
a Библиография Предметный указатель: с. 57-63
330 Аннотация __
a Аннотация Глоссарий понятий содержит достаточно полную и систематически представленную терминологию по вопросам, относящимся к сфере искусственного интеллекта и робототехники. Он включает более 440 терминов, широко используемые аббревиатуры и их расшифровки. Суждение об основных терминах и определениях опирается на значительное число проанализированных зарубежных и отечественных официальных документов. Законодательство приведено по состоянию на 1 сентября 2020 г. Издание предназначено для широкого круга заинтересованных читателей и специалистов.
606 Тематические рубрики __
a Основная рубрика Радиоэлектроника
606 Тематические рубрики __
a Основная рубрика Искусственный интеллект. Экспертные системы
606 Тематические рубрики __
a Основная рубрика Кибернетические модели
610 Ключевые слова 0_
a Ключевые слова искусственный интеллект
610 Ключевые слова 0_
a Ключевые слова робототехника
610 Ключевые слова 0_
a Ключевые слова роботы
610 Ключевые слова 0_
a Ключевые слова информационные технологии
610 Ключевые слова 0_
a Ключевые слова компьютеризация
610 Ключевые слова 0_
a Ключевые слова кибернетика
686 Индексы других классификаций __
2 Код системы rubbks
a Классификационный индекс 32.813я21
686 Индексы других классификаций __
2 Код системы rubbks
a Классификационный индекс 32.816я21; ст32.81я2 + ст32.816я2
700 Автор _1
a Фамилия Бегишев
b Имя И. Р.
g Полное личное имя Ильдар Рустамович
4 Код отношения 070
701 Альтернативная интеллектуальная ответственность _1
a Фамилия Ивантер
b Имя З. И.
g Полное личное имя Зарина Илдузовна
4 Код отношения 070
c Титул (звания) Хисамова, Зарина Илдузовна
f Даты 1980-
790 Имя лица - альтернативная форма _1
a Имя лица - альтернативная форма Хисамова
f Даты 1980-
b Имя З. И.
g Полное личное имя Зарина Илдузовна
801 Источник записи _0
b Организация Муниципальное бюджетное учреждение культуры "Централизованная библиотечная система" г. Сургут (Центральная городская библиотека им. А. С. Пушкина)
a Страна RU
c Дата составления 20210804
g Правила каталогизации PSBO
801 Источник записи _1
b Организация Муниципальное бюджетное учреждение культуры "Централизованная библиотечная система" г. Сургут (Центральная городская библиотека им. А. С. Пушкина)
a Страна RU
c Дата составления 20210804
g Правила каталогизации PSBO
852 Данные о местонахождении 5_
j Шифр хранения 32.813я21
i Авторский знак Б 37
900 Макрообъекты __
a Макрообъекты Искусственный интелект и робототехника. Глоссарий понятий, 2021
901 Тип документа __
a Ответственный КиК/Котельникова
t Тип документа m
903 Характеристики (МАРС) __
a Дата передачи 20210804
c Наименование библиотеки (МАРС) Муниципальное бюджетное учреждение культуры "Централизованная библиотечная система" г. Сургут (Центральная городская библиотека им. А. С. Пушкина)
969 Тип издания __
a Тип издания научное издание
a Тип издания словарь
990 Данные о заказе (DOS) __
j Количество экземпляров (DOS) 4
t N записи в КСУ для И/У (DOS) 202108